000 00404 a2200145 4500
999 _c6155
_d6155
020 _a1779010702
050 _aGE 105 SIT 1995
100 _aSithole, A
_eauthor
245 _aenvironmental science in action:
_bpupil's book 1
_cA Sithole
264 _aHarare:
_bZimbabwe Publishing House
_c1995
300 _a44p.
_bill.
500 _aText
650 _aenvironmental science
942 _2lcc
_cBK
_h105
_iSIT
_kGE